ANAK SEORANG DREBAR / (Record no. 5010)

000 -LEADER
fixed length control field 00793nam a2200229 a 4500
005 - DATE AND TIME OF LATEST TRANSACTION
control field 20240806154301.0
008 - FIXED-LENGTH DATA ELEMENTS--GENERAL INFORMATION
fixed length control field 240806t20192017my ||||| |||| 00| 0 may d
020 00 - INTERNATIONAL STANDARD BOOK NUMBER
International Standard Book Number 9789674608088
040 ## - CATALOGING SOURCE
Original cataloging agency AKMAL
082 ## - DEWEY DECIMAL CLASSIFICATION NUMBER
Classification number 923.8595 SHA
090 ## - LOCALLY ASSIGNED LC-TYPE CALL NUMBER (OCLC); LOCAL CALL NUMBER (RLIN)
Classification number (OCLC) (R) ; Classification number, CALL (RLIN) (NR) 923.8595
Local cutter number (OCLC) ; Book number/undivided call number, CALL (RLIN) SHA
100 0# - MAIN ENTRY--PERSONAL NAME
Personal name Shamsuddin Abdul Kadir,
Titles and words associated with a name Tan Sri,
Dates associated with a name 1931-
9 (RLIN) 9568
245 10 - TITLE STATEMENT
Title ANAK SEORANG DREBAR /
Statement of responsibility, etc. TAN SRI SHAMSUDDIN ABDUL KADIR ; Penterjemah: Amir Muslim
264 #1 - PRODUCTION, PUBLICATION, DISTRIBUTION, MANUFACTURE, AND COPYRIGHT NOTICE
Place of production, publication, distribution, manufacture Kuala Lumpur :
Name of producer, publisher, distributor, manufacturer Institut Terjemahan & Buku Malaysia,
Date of production, publication, distribution, manufacture, or copyright notice 2019
-- ©2017
300 ## - PHYSICAL DESCRIPTION
Extent xxviii, 440 pages :
Other physical details photographs ;
Dimensions 19cm
600 04 - SUBJECT ADDED ENTRY--PERSONAL NAME
Personal name Shamsuddin Abdul Kadir,
Titles and other words associated with a name Tan Sri,
Dates associated with a name 1931-
9 (RLIN) 9568
650 10 - SUBJECT ADDED ENTRY--TOPICAL TERM
Topical term or geographic name entry element Businessmen
9 (RLIN) 7733
650 20 - SUBJECT ADDED ENTRY--TOPICAL TERM
Topical term or geographic name entry element Businesspeople
9 (RLIN) 9569
650 20 - SUBJECT ADDED ENTRY--TOPICAL TERM
Topical term or geographic name entry element Autobiography
9 (RLIN) 802
700 0# - ADDED ENTRY--PERSONAL NAME
Personal name Amir Muslim,
Relator term translator.
9 (RLIN) 9570
942 ## - ADDED ENTRY ELEMENTS (KOHA)
Source of classification or shelving scheme
Koha item type Book
Holdings
Withdrawn status Lost status Source of classification or shelving scheme Damaged status Not for loan Collection code Home library Current library Shelving location Date acquired Source of acquisition Inventory number Total Checkouts Full call number Barcode Date last seen Date last checked out Price effective from Koha item type
          NON-FICTION AKMAL Melaka AKMAL Melaka PINJAMAN 06.08.2024 Sumbangan ITBM 000322 3 923.8595 SHA 201708251 30.10.2024 24.10.2024 06.08.2024 Book
          NON-FICTION AKMAL Melaka AKMAL Melaka PINJAMAN 06.08.2024 Sumbangan ITBM 000323   923.8595 SHA 201708252 06.08.2024   06.08.2024 Book
          NON-FICTION AKMAL Melaka AKMAL Melaka PINJAMAN 06.08.2024 Sumbangan ITBM 000324   923.8595 SHA 201708253 06.08.2024   06.08.2024 Book
          NON-FICTION AKMAL Melaka AKMAL Melaka PINJAMAN 06.08.2024 Sumbangan ITBM 000325   923.8595 SHA 201708254 06.08.2024   06.08.2024 Book
          NON-FICTION AKMAL Melaka AKMAL Melaka PINJAMAN 06.08.2024 Sumbangan ITBM 000326 1 923.8595 SHA 201708255 27.08.2024 07.08.2024 06.08.2024 Book
          NON-FICTION AKMAL Melaka AKMAL Melaka PINJAMAN 06.08.2024 Sumbangan ITBM 000327   923.8595 SHA 201708256 06.08.2024   06.08.2024 Book
          NON-FICTION AKMAL Melaka AKMAL Melaka PINJAMAN 06.08.2024 Sumbangan ITBM 000328   923.8595 SHA 201708257 06.08.2024   06.08.2024 Book
          NON-FICTION AKMAL Melaka AKMAL Melaka PINJAMAN 06.08.2024 Sumbangan ITBM 000329   923.8595 SHA 201708258 06.08.2024   06.08.2024 Book
          NON-FICTION AKMAL Melaka AKMAL Melaka PINJAMAN 06.08.2024 Sumbangan ITBM 000330   923.8595 SHA 201708259 06.08.2024   06.08.2024 Book
          NON-FICTION AKMAL Melaka AKMAL Melaka PINJAMAN 06.08.2024 Sumbangan ITBM 000331   923.8595 SHA 201708260 06.08.2024   06.08.2024 Book
          NON-FICTION AKMAL Melaka AKMAL Melaka PINJAMAN 06.08.2024 Sumbangan ITBM 000332   923.8595 SHA 201708261 06.08.2024   06.08.2024 Book
          NON-FICTION AKMAL Melaka AKMAL Melaka PINJAMAN 06.08.2024 Sumbangan ITBM 000333   923.8595 SHA 201708262 06.08.2024   06.08.2024 Book
          NON-FICTION AKMAL Melaka AKMAL Melaka PINJAMAN 06.08.2024 Sumbangan ITBM 000334   923.8595 SHA 201708263 06.08.2024   06.08.2024 Book
Pusat Sumber Maklumat Dato' Haji Sarmin Md Hussin, Akademi Kastam Diraja Malaysia, Melaka
Tel: 06-2331106 | Faks: 06-2313787